02143agaaa2200325 45000010005000000030009000050050017000140070009000310080040000400400023000800410013001031000052001161300045001682450169002132500022003822600075004043000033004795080061005125110020005735200669005935380016012625460013012786500062012917000064013537000064014177000066014819420012015479990019015599520239015783567IT-RoPAU20220918181240.0d cvaizq50131s9999||||xx ||| | || ||und|| aIT-RoPAUcIT-RoPAU aITALIANO aOlmi ErmannogCodice regista SPICS: 3081945021 aGENESI. LA CREAZIONE E IL DILUVIO945022 aGENESI. LA CREAZIONE E IL DILUVIOcSceneggiatura: Olmi Ermanno -- Diretto da: Olmi ErmannopGENESI. LA CREAZIONE E IL DILUVIO (Rif. Codice opera principale : D3567) aEdizione Standard a(ITALIA)bLUX FILM / g"1994 (1° ed.: 1994 ; Ed. Lingua Orig.: 1994)" aVHSbsonoro, col.c90 minuti a"Musica: Morricone Ennio; Sceneggiatura: Olmi Ermanno; " aAntonutti Omero aERMANNO OLMI COMINCIA LA SUA GENESI CON LE IMMAGINI DELLA NATURA POTENTE EINCONTAMINATA E IL RACCONTO DI UN PASTORE NOMADE ALLA SUA DISCENDENZA RIUNITA SOTTO UNA TENDA. LA CREAZIONE DELL'UNIVERSO E DELL'UOMO IL PECCATO DI ADAMO ED EVA LA CACCIATA DAL PARADISO IL FRATRICIDIO DI CAINO LA SCELTA DI NOE' IL DILUVIO UNIVERSALE IL PATTO DI ALLEANZA ETERNA TRA DIO E OGNI ESSEREVIVENTE SONO RACCONTATI ATTRAVERSO LE PAROLE CHIARE E SEMPLICI DI QUESTO ANZIANO SAGGIO CON L'INTENTO DI MOSTRARE CHE LA CREAZIONE AVVIENE OGNI GIORNO E CHE IL PATTO TRA DIO E L'UOMO SI RINNOVA O SI ROMPE IN OGNI NOSTRO ATTOTUTTI GLI ALTRI INTERPRETI SONO GENTE COMUNE DEL POPOLO MAROCCHINO. aPAL, STEREO aITALIANO aRELIGIOSOeFILMS [VHS]xCodice MATERIA SPICS: 9960945023 aMorricone Ennioe(musica)gCodice Musica SPICS: 3535945024 aOlmi Ermanno e(regista)gCodice regista SPICS: 3081945025 aOlmi Ermanno e(soggetto)gCodice Soggetto SPICS: 3081945026 cVH2ddc c106082d106082 0010406D_3567_00000000000000071aSPICSbSPICSd2015-01-31l0oD3567r2015-01-31 00:00:00w2015-01-31yVHzProgr. Ins.: 626 / N.Vol.:1 / Copie: 1 / Pag.: / Copia rara: n.d. / date import: 1.2.2015 / By Epidotti, Trombetti, Vaglietti